Daň z príjmov fyzických osôb v kontexte hospodárskej krízy - dopady a dôsledky

Analýza dane z príjmu fyzických osôb v období rokov 2007- 2010 a dopad prebiehajúcej globálnej hospodárskej krízy na delenie výnosov z tejto dane oprávneným prijímateľom, primárne obciam.

Gespeichert in:
Bibliographische Detailangaben
1. Verfasser: Poliak, Ladislav
Format: Buchkapitel
Sprache:Slowakisch
Schlagworte:
Tags: Tag hinzufügen
Keine Tags, Fügen Sie das erste Tag hinzu!

MARC

LEADER 00000nla a2200000 4500
001 0155171
005 20220722094133.6
041 0 |a slo 
044 |a SK 
245 1 0 |a Daň z príjmov fyzických osôb v kontexte hospodárskej krízy - dopady a dôsledky  |c Ladislav Poliak 
520 |a Analýza dane z príjmu fyzických osôb v období rokov 2007- 2010 a dopad prebiehajúcej globálnej hospodárskej krízy na delenie výnosov z tejto dane oprávneným prijímateľom, primárne obciam. 
610 2 0 |a dane z príjmov 
610 2 0 |a zaťaženie daňové 
610 2 0 |a dane priame 
610 2 0 |a poplatky 
610 2 0 |a daňovníci 
610 2 0 |a sadzby daňové 
610 2 0 |a rozpočty 
610 2 0 |a obce 
100 1 |a Poliak, Ladislav